Logo BPK

Biblioteka

Politechniki Koszalińskiej

Sparks : (Rekord nr 48947)

Szczegóły MARC
000 -ETYKIETA REKORDU
podpole kontrolne o stałej długości 00857nam a2200253 i 4500
001 - NUMER KONTROLNY REKORDU
pole kontrolne bgj
020 ## - MIĘDZYNARODOWY ZNORMALIZOWANY NUMER KSIĄŻKI - ISBN
ISBN 0194384233
040 ## - ŹRÓDŁO KATALOGOWANIA
Instytucja, która utworzyła rekord BPK
041 0# - KOD JĘZYKA
Kod języka tekstu pol
-- eng
920 ## - Międzynarodowy znormalizowany numer książki – ISBN
ISBN 0-19-438423-3
008 - POLE O STAŁEJ DŁUGOŚCI - DANE KONTROLNE
podpole kontrolne o stałej długości s pl f |000 0 pol
100 1# - NAZWA OSOBOWA
Nazwa osobowa LONGO, C.
245 10 - TYTUŁ/ODPOWIEDZIALNOŚĆ
Tytuł Sparks :
Ciąg dalszy tytułu książka dla nauczyciela /
Pozostałe elementy strefy tytułu i oznaczenia odpowiedzialności C. Longo ; P.A. Davies ; konsultacja: M. Szpotowicz, M. Szulc-Kurpaska ; przekład: Katarzyna Berger-Kuźniar i Piotr Błoch.
260 ## - STREFA ADRESU WYDAWNICZEGO
Miejsce wydania Oxford :
Nazwa wydawcy/dystrybutora Oxford University Press,
Data publikacji, dystrybucji/powstania dokumentu 2004.
300 ## - STREFA OPISU FIZYCZNEGO
Objętość 112 pp :
Inne cechy fizyczne ill. ;
Rozmiary 30 cm.
650 #9 - HASŁO PRZEDMIOTOWE W FORMIE NAZWY OGÓLNEJ LUB JEDNOSTKOWEJ
Nazwa ogólna lub geograficzna English language
655 ## - TERMIN INDEKSOWY - OKREŚLENIE RODZAJU/FORMY DOKUMENTU
Określenie rodzaju/formy dokumentu Textbooks for foreigners
700 1# - HASŁO DODATKOWE - NAZWA OSOBOWA
Nazwa osobowa DAVIES, P. A.
Określenie związku między hasłem a opisywanym materiałem co-author
700 1# - HASŁO DODATKOWE - NAZWA OSOBOWA
Nazwa osobowa SZPOTOWICZ, Magdalena.
Określenie związku między hasłem a opisywanym materiałem cons.
700 1# - HASŁO DODATKOWE - NAZWA OSOBOWA
Nazwa osobowa SZULC-KURPASKA, Małgorzata.
Określenie związku między hasłem a opisywanym materiałem cons.
700 1# - HASŁO DODATKOWE - NAZWA OSOBOWA
Nazwa osobowa BERGER-KUŹNIAR, Katarzyna.
Określenie związku między hasłem a opisywanym materiałem transl.
700 1# - HASŁO DODATKOWE - NAZWA OSOBOWA
Nazwa osobowa BŁOCH, Piotr.
Określenie związku między hasłem a opisywanym materiałem transl.
856 ## - LOKALIZACJA I DOSTĘP DO ELEKTRONICZNYCH DOKUMENTÓW ZDALNYCH
Link (URL) http://koha.tu.koszalin.pl/cgi-bin/koha/opac-detail.pl?biblionumber=48947
Tekst linku Katalog online BPK
942 ## - DODATKOWE ELEMENTY (KOHA)
Typ dokumentu Książka
Egzemplarze
Wycofany Status egzemplarza Uszkodzony Dostępność Lokalizacja stała Lokalizacja bieżąca Miejsce przechowywania Sygnatura Kod kreskowy Typ dokumentu
      Dostępny Biblioteka Politechniki Koszalińskiej Biblioteka Politechniki Koszalińskiej Wypożyczalnia Językowa KA 6326 09048027 Książka
© 2023 Biblioteka Politechniki Koszalińskiej :: KOHA